00454nam a2200193Ia 4500008004100000020001800041050001400059100001600073245002500089245003000114245001600144260001500160260001600175260000900191300001500200300002700215300001000242500000800252170918s9999 xx 000 0 und d a9780590461320 bB167 1990 aBaker, Lucy aLife in the oceans : banimals, people, plants / cLucy Baker. aNew York : bScholastic, c1990 a31 pages : bcolored illustration ; c27cm. a940